Alternative Dispute Resolution/ (Record no. 3619)
[ view plain ]
| 000 -LEADER | |
|---|---|
| fixed length control field | 00695nam a2200253Ia 4500 |
| 003 - CONTROL NUMBER IDENTIFIER | |
| control field | BUBTL |
| 008 - FIXED-LENGTH DATA ELEMENTS--GENERAL INFORMATION | |
| fixed length control field | 151213s9999 xx 000 0 und d |
| 020 ## - INTERNATIONAL STANDARD BOOK NUMBER | |
| International Standard Book Number | 81-7534-031-2 |
| 041 ## - LANGUAGE CODE | |
| Language code of text/sound track or separate title | English |
| 082 ## - DEWEY DECIMAL CLASSIFICATION NUMBER | |
| Classification number | 347.09/ S542a/ 1997 |
| 100 ## - MAIN ENTRY--PERSONAL NAME | |
| Personal name | Rao, P. C. |
| 9 (RLIN) | 5730 |
| 245 ## - TITLE STATEMENT | |
| Title | Alternative Dispute Resolution/ |
| Statement of responsibility, etc. | P. C. Rao, William Sheffield |
| 250 ## - EDITION STATEMENT | |
| Edition statement | 1st |
| 260 ## - PUBLICATION, DISTRIBUTION, ETC. (IMPRINT) | |
| Place of publication, distribution, etc. | India |
| Name of publisher, distributor, etc. | Universal Law Publishing |
| Date of publication, distribution, etc. | c1997 |
| 300 ## - PHYSICAL DESCRIPTION | |
| Extent | [xvi] , 448p . : |
| Other physical details | 22 cm. |
| 500 ## - GENERAL NOTE | |
| General note | Includes Index |
| 526 ## - STUDY PROGRAM INFORMATION NOTE | |
| Program name | Law |
| 650 ## - SUBJECT ADDED ENTRY--TOPICAL TERM | |
| Topical term or geographic name as entry element | Law |
| 9 (RLIN) | 4036 |
| 650 ## - SUBJECT ADDED ENTRY--TOPICAL TERM | |
| Topical term or geographic name as entry element | |
| 9 (RLIN) | 4036 |
| 700 ## - ADDED ENTRY--PERSONAL NAME | |
| Personal name | P. C. Rao, William Sheffield |
| 9 (RLIN) | 5731 |
| 856 ## - ELECTRONIC LOCATION AND ACCESS | |
| Password | 0 |
| Logon | 0 |
| Link text | Download |
| 942 ## - ADDED ENTRY ELEMENTS (KOHA) | |
| Source of classification or shelving scheme | |
| Koha item type | Books |
| Withdrawn status | Lost status | Source of classification or shelving scheme | Damaged status | Not for loan | Collection code | Permanent location | Current location | Shelving location | Date acquired | Inventory number | Total Checkouts | Full call number | Barcode | Date last seen | Copy number | Price effective from | Koha item type | Source of acquisition |
|---|---|---|---|---|---|---|---|---|---|---|---|---|---|---|---|---|---|---|
| Not For Loan | Non-fiction | Bangladesh University of Business and Technology Library | Bangladesh University of Business and Technology Library | Law Stacks | 03/14/2021 | 6530 | 347.09/S542a | BUBTL-20036530 | 03/14/2021 | C-1 | 03/14/2021 | Books | ||||||
| Non-fiction | Bangladesh University of Business and Technology Library | Bangladesh University of Business and Technology Library | Law Stacks | 03/14/2021 | 6531 | 347.09/S542a | BUBTL-20036531 | 03/14/2021 | C-2 | 03/14/2021 | Books | |||||||
| Non-fiction | Bangladesh University of Business and Technology Library | Bangladesh University of Business and Technology Library | Law Stacks | 03/14/2021 | 6532 | 347.09/S542a | BUBTL-20036532 | 03/14/2021 | C-3 | 03/14/2021 | Books | |||||||
| Not For Loan | Non-fiction | Bangladesh University of Business and Technology Library | Bangladesh University of Business and Technology Library | Law Stacks | 03/14/2021 | 6559 | 347.09/S542a | BUBTL-20036559 | 03/14/2021 | C-4 | 03/14/2021 | Books | ||||||
| Non-fiction | Bangladesh University of Business and Technology Library | Bangladesh University of Business and Technology Library | Law Stacks | 03/14/2021 | 6822 | 347.09/S542a | BUBTL-20036822 | 03/14/2021 | C-5 | 03/14/2021 | Books | |||||||
| Non-fiction | Bangladesh University of Business and Technology Library | Bangladesh University of Business and Technology Library | Law Stacks | 03/14/2021 | 6823 | 347.09/S542a | BUBTL-20036823 | 03/14/2021 | C-6 | 03/14/2021 | Books | |||||||
| Not For Loan | Non-fiction | Bangladesh University of Business and Technology Library | Bangladesh University of Business and Technology Library | Law Stacks | 03/14/2021 | 6824 | 347.09/S542a | BUBTL-20036824 | 03/14/2021 | C-7 | 03/14/2021 | Books | ||||||
| Non-fiction | Bangladesh University of Business and Technology Library | Bangladesh University of Business and Technology Library | Law Stacks | 03/14/2021 | 6825 | 347.09/S542a | BUBTL-20036825 | 03/14/2021 | C-8 | 03/14/2021 | Books | |||||||
| Not For Loan | Non-fiction | Bangladesh University of Business and Technology Library | Bangladesh University of Business and Technology Library | Law Stacks | 10/25/2014 | 18853 | 347.09/ S542a/ 1997 | BUBTL-200318853 | 03/12/2024 | C-9 | 03/12/2024 | Books | Purchase |
